De la Gramatología

Uloženo v:
Podrobná bibliografie
Hlavní autor: Derrida, Jacques 1930-2004 (Autor)
Médium: Kniha
Jazyk:španělština
Vydáno: Cuernavaca Siglo Veintiuno Editores 1979
Vydání:1a. ed
Edice:Lingüística y Teoría Literaria
Témata:
Tagy: Přidat tag
Žádné tagy, Buďte první, kdo vytvoří štítek k tomuto záznamu!

MARC

LEADER 00000cam a2200000 a 4500
001 UCF2695
003 CL-VaPUC
008 120830e19790000MX |||||||||||||||||spa|d
020 |a 9789682303753 
082 0 4 |a 401  |b DER  |2 21 
100 |a Derrida, Jacques   |d 1930-2004  |e author  |9 449254 
245 1 0 |a De la Gramatología 
250 |a 1a. ed 
300 |a 397 p 
942 |c BK 
945 |d 20120830 00:00:00  |a dcastane 
260 |a Cuernavaca  |b Siglo Veintiuno Editores  |c 1979 
650 0 |a Gramática  |9 270497 
650 7 |a LINGUISTICA DESCRIPTIVA  |2 CL-VaPUC  |9 564446 
650 0 |a Escritura  |9 264941 
583 |a last modification  |c 20120830 10:25:00  |k Rodrigo Vera 
490 0 |a Lingüística y Teoría Literaria 
999 |c 349235  |d 349233 
952 |0 0  |1 0  |4 0  |6 401_000000000000000_DER_1979  |7 0  |8 A  |9 451749  |a BIBEDU  |b BIBEDU  |d 2019-11-22  |i 4899695  |o 401 DER 1979  |p 4899695  |r 2019-11-22  |w 2019-11-22  |y BK  |k PSI 
952 |0 0  |1 0  |4 0  |6 401_000000000000000_DER_1979  |7 0  |8 A  |9 451750  |a BIBEDU  |b BIBEDU  |d 2019-11-22  |i 4899709  |l 1  |o 401 DER 1979  |p 4899709  |r 2022-09-15  |s 2022-09-08  |w 2019-11-22  |y BK  |k PSI